00321 a2200109 4500001001000000005001700010008004100027245005300068100002000121773005300141999001700194ART_3050120260410162003.0260409a 10aLa cultura política del nacionalismo argentino1 aBiagi, Marta C.0 tForo políticog- Vol. XX (ago. 1997)wREV30389 c31473d31473